Nickelback: Albums by Cover - Statistics

General Stats
  • This quiz has been taken 14 times
  • The average score is 7 of 10
Answer Stats
Picture Hint Answer % Correct
2008 Dark Horse
92%
2001 Silver Side Up
92%
2005 All the Right Reasons
75%
1996 Curb
75%
2003 The Long Road
75%
2017 Feed the Machine
67%
2022 Get Rollin'
58%
2014 No Fixed Address
58%
1998 The State
58%
2011 Here and Now
50%
No matching quizzes found
Score Distribution
Percent of People with Each Score
Percentile by Number Answered
Your Score History
You have not taken this quiz